000 00736nam a22001815i 4500
001 163811
003 ES-MaACL
005 20250929063239.0
008 050719s1879 sp | |||||||| ||spa d
040 _aCAM
_bspa
_cCAM
100 1 _aRodríguez Rubí, Tomás,
_d1817-1890
_9131953
245 1 3 _aEl diablo cojuelo
_b: comedia en un acto /
_cpor Tomás Rodríguez Rubí.
260 _aMadrid :
_b[Manuel Pedro Delgado],
_c1879 (
_fEstablecimiento tipográfico de E. Cuesta)
300 _a31 p. ;
_c18 cm.
594 _aEn port. consta: "M.P.D."
852 _aES-MaACL
_jF-8586(6)
_z-- Enc. pasta española
_z-- Enc. en un vol. facticio, formando parte de la col.: "Teatro español moderno", vol. 39
999 _c163811
_d163811